Autour de Léon Bloy : avec un portrait et un fac-similie d'écriture /

Hlavní autor: Martineau, René, 1866-1948
Další autoři: Bloy, Léon, 1846-1917
Jazyk: Francouzština
Vydáno: Paris : <<Le >>Divan, 1926
Edice: Collection Saint-Germain-des-prés
Témata:
Fyzický popis: 94 s. : il. ; 20 cm
Knihy
Uloženo v:
LEADER 00951nam a2200241 a 4500
001 000598589
003 CZ BrMZK
005 20020513115804.0
008 020506s1926 fr f fre d
040 |a BOA001  |b cze 
100 1 |a Martineau, René,  |d 1866-1948  |7 mzk2002109969  |4 aut 
245 1 0 |a Autour de Léon Bloy :  |b avec un portrait et un fac-similie d'écriture /  |c René Martineau 
260 |a Paris :  |b <<Le >>Divan,  |c 1926 
300 |a 94 s. :  |b il. ;  |c 20 cm 
490 1 |a Collection Saint-Germain-des-prés ;  |v No 5 
500 |a Obsahuje faksimile 
563 |a Z knihovny J. Floriana 
610 2 7 |a Moravská zemská knihovna (Brno, Česko).  |b Florianova knihovna  |7 mzk2006318440  |2 czenas 
700 1 |a Bloy, Léon,  |d 1846-1917  |7 jn19990000856  |4 hnr 
830 0 |a Collection Saint-Germain-des-prés 
910 |a BOA001  |b FLO-1102.529 
990 |a BK 
996 6 |b 2610160137  |c FLO-1102.529  |l MZK  |r Sklad / do 24 hodin  |n 5  |p kup  |w 000598589  |u 000010  |a 1  |e BOA001  |j MZK50  |s P